Middle East : a background to the conflicts

Bibliographic Details
Main Author: Pimlott, John
Format: Book
Published: London : Gloucester Press Book , 1991
Series:Hotspots
Subjects:

MARC

LEADER 00000cam a2200000 7i4500
001 0000005698
002 000006160
005 20060120.0
020 |a 0749607025 
090 0 0 |a 910   |b PIM 
100 1 |a Pimlott, John 
245 1 0 |a Middle East :   |b a background to the conflicts   |c John Pimlott 
260 |a London :   |b Gloucester Press Book ,   |c 1991 
300 |a 36p ;   |c 29cm. 
490 0 |a Hotspots 
651 0 |a Middle East, conflict 
999 |a 027099   |b BUKU   |c JUNIOR BOOKS   |e PERPUSTAKAAN KOMUNITI CAW KOTA DAMANSARA